| 000 | 00381nam a2200133Ia 4500 | ||
|---|---|---|---|
| 008 | 220204s9999 xx 000 0 und d | ||
| 020 | _a8187439122 | ||
| 082 | _bRRI | ||
| 100 | _aJose, Mercy | ||
| 245 | 0 | _aFifty years of natural rubber research in India: A bibliography | |
| 260 |
_aKottayam _bRubber Research Institute of India _c2005 |
||
| 700 | _aKorah, Accamma | ||
| 942 | _cBK | ||
| 999 |
_c44236 _d44236 |
||